Centro SPOTT : Prevención y atención a adolescentes, jóvenes y a sus familias en materia de adicciones Prevención y atención a adolescentes, jóvenes y a sus familias en materia de adicciones

Descripció física: 1 tríptic ; il. col. ; 10 x 21 cm.
Idioma: Català , Espanyol

MARC

LEADER 00000nam a22000007a 4500
001 28563
003 AGDB
005 20260324181525.0
008 230313b spa||||| |||| 00| 0 cat d
017 |a B 18120-2023 
040 |a agdb  |b cat 
041 |a spa 
110 1 |9 52862  |a Barcelona (Catalunya : Província).  |b Centre de Prevenció i Intervenció en Drogodependències SPOTT 
240 |a Centre SPOTT : Prevenció i atenció a adolescents, joves i a les seves famílies en matèria d'addiccions  |l [castellà] 
245 |a Centro SPOTT :   |b Prevención y atención a adolescentes, jóvenes y a sus familias en materia de adicciones 
260 |a Barcelona :   |b Diputació de Barcelona. Centre de Prevenció i Intervenció en Drogodependències SPOTT ;   |c 2023 
300 |a 1 tríptic ;   |b il. col. ;   |c 10 x 21 cm. 
546 |a També en català (R. 28562) 
650 0 |2 Arxiu  |9 39174  |a Joves  |x Consum de drogues 
650 0 |9 9826  |a Drogoaddictes  |x Assistència institucional 
650 0 |9 55946  |a Addictes  |x Assistència institucional 
655 0 |a Fulletons  |9 55858 
710 |a Barcelona (Catalunya : Província).  |b Àrea de Sostenibilitat Social, Cicle de Vida i Comunitat  |9 70555 
942 |c ARXIU  |n 1  |2 udc 
952 |0 0  |1 0  |4 0  |6 FU7766  |7 1  |9 97316  |a Arxiu  |b Arxiu  |d 2024-07-26  |l 0  |o FU-77-66  |p 28563  |r 2024-07-26 00:00:00  |w 2024-07-26  |y ARXIU 
999 |c 129169  |d 129169